00490 2200193 4500001002100000005001500021008004100036020002200077035001900099041000700118082001100125090001700136100001400153245003400167260003700201300003300238500001000271650001500281INLIS00000000000391320241224112819241224||||||||| | ||| |||| || |  a978-602-8797-50-4 0010-1224003913 aid0 a297.51 a297.51 EDH b0 aEdhie Dea00aBoleh Berbeda Jangan Berpecah aBandungbCipta Dea Pustakac2012 a20,5x14,5 cm, viii, 88 hlm.; aCet.1 0aIlmu Agama